000 00302nam a2200121Ia 4500
008 190216s9999||||xx |||||||||||||| ||und||
100 _aShriman Narayan
245 0 _aGandhi The Man And His Thought
260 _bPublications Division
_c1968
300 _a52p
650 _aEnglish General
942 _cBK
999 _c12154
_d12154